000 00607nam a2200205Ia 4500
003 GCL
008 140319s9999 xx 000 0 ara d
040 _aGCL /
_cGCL
082 0 4 _aد
_b050
_bم ل
100 1 _aلجنة التأليف والترجمة والنشر
245 1 0 _aمجلة كلية الاداب (1943 - 1984 ) /
_cلجنة التأليف والترجمة والنشر
300 _aمتعدد
650 0 4 _aتاريخ
650 0 4 _aالادب
650 0 4 _aالسياسة
650 0 4 _aمخطوطات
650 0 4 _aدوريات
650 0 4 _aكلية الاداب
942 _2ddc
_cBK
999 _c27091
_d27091